| 000 | 00442nam a22001697a 4500 | ||
|---|---|---|---|
| 999 |
_c522632 _d522632 |
||
| 003 | NUST | ||
| 008 | 181217b ||||| |||| 00| 0 eng d | ||
| 020 | _cAvailable | ||
| 038 | _aNusrat Nadeem | ||
| 082 | _a297 KAL | ||
| 100 |
_aHijjat ullaha _912641 |
||
| 245 |
_aKalam Allah / _cHijjat ullaha |
||
| 260 |
_aRawalpindi : _bQazi Sons, _c2018. |
||
| 300 |
_a152 p. ; _bHardcover. |
||
| 880 |
_6245-02\r _aکلام اللہ |
||
| 942 |
_2ddc _cBK |
||